Invertebrate fauna of tropical american caves, Part II: Puerto Rico, an ecological and zoogeogrophic analysis (Registro nro. 10075)

Detalles MARC
000 -CABECERA
Campo de control 004980000a22001570004500
090 ## - CLASIFICACIÓN LOCAL
Colección AR
Consecutivo 00987
041 0# - IDIOMA
Código de idioma para texto/pista de sonido o título separado
100 1# - ASIENTO PRINCIPAL--NOMBRE PERSONAL
Nombre personal Peck, Stewart B.
245 10 - MENCION DE TITULO
Título Invertebrate fauna of tropical american caves, Part II: Puerto Rico, an ecological and zoogeogrophic analysis
650 14 - ASIENTO SECUNDARIO DE MATERIA - TERMINO TEMATICO
Término temático o nombre geográfico como elemento de entrada Zoogeografía
650 14 - ASIENTO SECUNDARIO DE MATERIA - TERMINO TEMATICO
Término temático o nombre geográfico como elemento de entrada Fauna cavernícola
650 14 - ASIENTO SECUNDARIO DE MATERIA - TERMINO TEMATICO
Término temático o nombre geográfico como elemento de entrada Bioespeleología
651 #4 - ASIENTO SECUNDARIO DE MATERIA - NOMBRE GEOGRAFICO
-- Puerto Rico
773 1# - Item fuente:
Título Biotropica
Especificación de materiales 9
Descripción física 1
Paginas del Articulo 14-31
Lugar, editorial y fecha de publicación 1974
Información sobre la relación 6
942 ## - ELEMENTOS ADICIONALES (KOHA)
Tipo de ítem Artículo
Existencias
Withdrawn status Lost status Damaged status No para préstamo Colección Ubicación Permanente Ubicación actual Fecha de adquisición Datos de publicación Seriada Total Checkouts Número topográfico Inventario / Código de Barras Date last seen Ejemplar Price effective from Forma de adquisición Tipo de material
      No para Préstamo Hemeroteca Bogotá Bogotá 27/02/2015 Fuera de circulación   AR 00987 011290 25/03/2015 1 25/03/2015   Artículo